Avez-vous de la chance ? (Lettres) - Statistiques

Statistiques générales
  • Ce quiz a été pris 5 057 fois
  • Le résultat moyen est 5 sur 20
Statistiques - réponses
Lettre aléatoire % Correct
S
40%
K
38%
G
37%
R
36%
Z
36%
Y
35%
Y
35%
A
34%
E
34%
G
34%
L
34%
S
34%
A
33%
A
33%
D
33%
J
33%
Q
33%
R
33%
R
33%
D
32%
G
32%
H
32%
I
32%
L
32%
Q
32%
T
32%
Y
32%
Z
32%
A
31%
A
31%
A
31%
A
31%
B
31%
D
31%
E
31%
E
31%
E
31%
E
31%
F
31%
F
31%
G
31%
H
31%
J
31%
M
31%
N
31%
O
31%
O
31%
P
31%
S
31%
Y
31%
Z
31%
A
30%
A
30%
A
30%
A
30%
B
30%
C
30%
E
30%
E
30%
E
30%
E
30%
F
30%
G
30%
H
30%
I
30%
J
30%
L
30%
N
30%
O
30%
O
30%
Q
30%
R
30%
R
30%
S
30%
T
30%
U
30%
U
30%
X
30%
Y
30%
Z
30%
A
29%
B
29%
B
29%
B
29%
D
29%
D
29%
D
29%
D
29%
E
29%
E
29%
G
29%
H
29%
I
29%
I
29%
J
29%
J
29%
K
29%
L
29%
L
29%
M
29%
O
29%
O
29%
P
29%
P
29%
R
29%
R
29%
R
29%
T
29%
U
29%
U
29%
V
29%
V
29%
W
29%
X
29%
Y
29%
Z
29%
A
28%
B
28%
C
28%
C
28%
D
28%
E
28%
F
28%
F
28%
G
28%
G
28%
G
28%
H
28%
I
28%
J
28%
J
28%
K
28%
K
28%
L
28%
M
28%
N
28%
O
28%
O
28%
O
28%
P
28%
P
28%
P
28%
P
28%
S
28%
S
28%
S
28%
T
28%
U
28%
U
28%
U
28%
V
28%
V
28%
W
28%
X
28%
Y
28%
Z
28%
Z
28%
Z
28%
A
27%
B
27%
B
27%
B
27%
B
27%
C
27%
C
27%
C
27%
D
27%
D
27%
F
27%
F
27%
G
27%
H
27%
I
27%
I
27%
I
27%
I
27%
J
27%
K
27%
K
27%
K
27%
L
27%
M
27%
N
27%
N
27%
P
27%
Q
27%
R
27%
R
27%
T
27%
U
27%
V
27%
V
27%
V
27%
W
27%
X
27%
Y
27%
Y
27%
Y
27%
Z
27%
Z
27%
B
26%
C
26%
D
26%
D
26%
E
26%
E
26%
E
26%
F
26%
G
26%
G
26%
G
26%
H
26%
H
26%
I
26%
J
26%
J
26%
J
26%
J
26%
K
26%
K
26%
L
26%
L
26%
M
26%
M
26%
N
26%
O
26%
P
26%
Q
26%
Q
26%
Q
26%
Q
26%
R
26%
S
26%
S
26%
T
26%
T
26%
T
26%
V
26%
V
26%
W
26%
X
26%
X
26%
X
26%
Z
26%
C
25%
C
25%
D
25%
F
25%
F
25%
F
25%
H
25%
H
25%
H
25%
I
25%
I
25%
J
25%
K
25%
L
25%
L
25%
M
25%
M
25%
M
25%
N
25%
N
25%
N
25%
O
25%
P
25%
Q
25%
Q
25%
R
25%
R
25%
S
25%
T
25%
U
25%
U
25%
U
25%
V
25%
V
25%
W
25%
W
25%
W
25%
X
25%
X
25%
Y
25%
A
24%
C
24%
C
24%
C
24%
D
24%
F
24%
G
24%
H
24%
I
24%
J
24%
K
24%
K
24%
L
24%
L
24%
M
24%
N
24%
N
24%
O
24%
O
24%
P
24%
P
24%
Q
24%
R
24%
S
24%
S
24%
T
24%
T
24%
T
24%
U
24%
U
24%
V
24%
W
24%
W
24%
X
24%
X
24%
Y
24%
Y
24%
Z
24%
Z
24%
Z
24%
B
23%
C
23%
C
23%
F
23%
F
23%
G
23%
H
23%
H
23%
I
23%
J
23%
K
23%
K
23%
L
23%
M
23%
N
23%
N
23%
Q
23%
Q
23%
R
23%
S
23%
S
23%
U
23%
V
23%
W
23%
Z
23%
B
22%
D
22%
L
22%
M
22%
O
22%
P
22%
P
22%
P
22%
T
22%
T
22%
U
22%
V
22%
V
22%
W
22%
W
22%
W
22%
W
22%
X
22%
Y
22%
F
21%
K
21%
M
21%
M
21%
M
21%
N
21%
Q
21%
Q
21%
S
21%
T
21%
X
21%
Y
21%
C
20%
H
20%
W
20%
X
20%
X
20%
B
19%
N
19%
O
19%
B
18%
I
18%
Aucun quiz correspondant
Distribution des résultats
% des personnes avec chaque résultat
Percentile par nombre de réponses
Votre historique - résultats
Vous n’avez pas pris ce quiz